|
|
|
|
| LEADER |
00000nta a2200000 i 4500 |
| 001 |
dolg34315 |
| 005 |
20210917064135.0 |
| 008 |
210917s2013 hu om 000 eng d |
| 040 |
|
|
|a BGE Dolgozattár Repozitórium
|b hun
|
| 041 |
|
|
|a en
|
| 100 |
1 |
|
|a Gulyás Attila
|
| 245 |
1 |
0 |
|a Potentials of the Central Eastern European market for the 2WIN concept of Emons Cargo
|c Gulyás Attila
|h [elektronikus dokumentum]
|
| 260 |
|
|
|c 2013
|
| 695 |
|
|
|a Szállítmányozás
|
| 695 |
|
|
|a Logisztika
|
| 700 |
1 |
|
|a Nincs adat Nincs adat
|e ths
|
| 856 |
4 |
0 |
|u http://dolgozattar.uni-bge.hu/34315/1/D_16356_ZG7YNP%20-%20Guly%C3%A1s%20Attila.pdf
|z Dokumentum-elérés
|